000 01326nam a2200337 4500
005 20240530110412.0
008 150219s2009 ua co a 001 0 ara d
017 _a22647/2007
_bمصر . دار الكتب المصرية
020 _a9771441809
040 _aEG-CaGPL
041 0 _aara
082 0 4 _221
_a332.4
_bط/ب س
100 1 _aبيلللى ، جيرى
_qجيرى بيللى
245 1 0 _aاجعل نقودك تنمو /
_cتاليف جيرى بيللى ، فيليشيل لو ؛ ترجمة هشام شتلة ؛ اشراف داليا محمد ابراهيم
250 _aط1
260 _aالقاهرة :
_bنهضة مصر للطباعة والنشر والتوزيع ،
_c2009
300 _a44 ص :
_bصور لو ؛
_c32 سم
490 0 _aسلسلة اموالى
650 0 4 _aالنقود
650 0 4 _aالسياسة المالية
650 0 4 _aالاحوال الاقتصادية
650 0 4 _aالنظام النقدى
650 0 4 _aالبنوك
650 0 4 _aصندوق النقد الدولى
650 0 4 _aالبنك المركزى الاوروبى
700 1 _aلو ، فيليشيا
_eمؤلف مشارك
700 1 _aهشام شتلة
_eمترجم
700 1 _aداليا محمد ابراهيم
_eمشرف
942 _2ddc
_cBK
999 _c60482
_d60482